Arkansas Baseball Single-Season Statistical Leaders - Statistics

General Stats
  • This quiz has been taken 5 times
  • The average score is 39 of 47
Answer Stats
Hint Answer % Correct
.376 (2015) Andrew Benintendi
100%
20 (2015) Andrew Benintendi
100%
87 (2018) Casey Martin
100%
67 (2022) Cayden Wallace
100%
20 (2017) Chad Spanberger
100%
93 (2025) Charles Davalan
100%
19 (2019) Connor Noland
100%
19 (2022) Connor Noland
100%
161 (2024) Hagen Smith
100%
87 (2018) Heston Kjerstad
100%
87 (2019) Heston Kjerstad
100%
131 (2021) Kevin Kopps
100%
0.90 (2021) Kevin Kopps
100%
70 (2025) Kuhio Aloy
100%
.356 (2025) Logan Maxwell
100%
1.39 (2013) Ryne Stanek
100%
93 (2025) Wehiwa Aloy
100%
21 (2025) Wehiwa Aloy
100%
68 (2025) Wehiwa Aloy
100%
19 (2025) Zach Root
100%
126 (2025) Zach Root
100%
19 (2018) Blaine Knight
75%
22 (2010) Brett Eibner
75%
71 (2010) Brett Eibner
75%
19 (2004) Clint Brannon
75%
1.38 (2012) Colby Suggs
75%
87 (2010) Collin Kuhn
75%
22 (2007) Danny Hamblin
75%
68 (2006) Danny Hamblin
75%
20 (2012) DJ Baxendale
75%
1.58 (2012) DJ Baxendale
75%
67 (2012) Dominic Ficociello
75%
88 (2018) Eric Cole
75%
128 (2008) Jess Todd
75%
67 (2012) Matt Reynolds
75%
145 (2006) Nick Schmidt
75%
67 (2012) Tim Carver
75%
.429 (2010) Zack Cox
75%
102 (2010) Zack Cox
75%
1.50 (2004) Boyd Goodner
50%
71 (2007) Casey Coon
50%
68 (2004) Casey Rowlett
50%
19 (2004) Charley Boyce
50%
.366 (2008) Chase Leavitt
50%
68 (2004) Haas Pratt
50%
67 (2004) Jake Dugger
50%
.351 (2008) Logan Forsythe
50%
No matching quizzes found
Score Distribution
Percent of People with Each Score
Percentile by Number Answered
Your Score History
You have not taken this quiz